10 Most Populous Cities in Florida - Statistics

General Stats
  • This quiz has been taken 30 times
  • The average score is 8 of 10
Answer Stats
Population City % Correct
460,289 Miami
100%
203,650 Tallahassee
100%
997,164 Jacksonville
96%
325,044 Orlando
96%
408,510 Tampa
93%
184,709 Fort Lauderdale
75%
264,982 St. Petersburg
75%
220,930 Hialeah
50%
234,132 Cape Coral
46%
257,756 Port St. Lucie
39%
No matching quizzes found
Score Distribution
Percent of People with Each Score
Percentile by Number Answered
Your Score History
You have not taken this quiz